Guess the colors by hint. - Statistics

General Stats
  • This quiz has been taken 50 times
  • The average score is 10 of 10
Answer Stats
Hint Answer % Correct
The color of the sky at night. Black
100%
The color of the sky. Blue
100%
The color of chocolate. Brown
100%
The color of grass. Green
100%
The color of strawberries. Red
100%
The color of a banana. Yellow
100%
The color of clouds before it rains. Gray
93%
A fruit and a color. Orange
93%
A bird and a color. Falcon
89%
A fish and a color. Salmon
86%
No matching quizzes found
Score Distribution
Percent of People with Each Score
Percentile by Number Answered
Your Score History
You have not taken this quiz